Reportovanie v reálnom čase – nový trend v oblasti dane z pridanej hodnoty v členských štátoch Európskej únie
Dynamické zmeny v oblasti dane z pridanej hodnoty v členských krajinách Európskej únie. S cieľom minimalizovať medzeru DPH, priestor pre daňové podvody a zvýšiť efektívnosť daňových auditov sa vlády jednotlivých krajín rozhodli zaviesť tzv. reportovanie v reálnom čase. Daňové orgány tak získavajú pr...
Uložené v:
| Hlavný autor: | |
|---|---|
| Ďalší autori: | |
| Médium: | Kapitola |
| Jazyk: | Slovak |
| Predmet: | |
| Tagy: |
Žiadne tagy, Buďte prvý, kto otaguje tento záznam!
|
MARC
| LEADER | 00000naa a2200000 4500 | ||
|---|---|---|---|
| 001 | 0249735 | ||
| 005 | 20260205071638.8 | ||
| 041 | 0 | |a slo | |
| 044 | |a SK | ||
| 245 | 1 | 0 | |a Reportovanie v reálnom čase – nový trend v oblasti dane z pridanej hodnoty v členských štátoch Európskej únie |c Boris Šturc, Jana Kováčová |
| 520 | |a Dynamické zmeny v oblasti dane z pridanej hodnoty v členských krajinách Európskej únie. S cieľom minimalizovať medzeru DPH, priestor pre daňové podvody a zvýšiť efektívnosť daňových auditov sa vlády jednotlivých krajín rozhodli zaviesť tzv. reportovanie v reálnom čase. Daňové orgány tak získavajú prehľad o ekonomických transakciách firiem. Implementácia reportovania v reálnom čase sa v členských štátoch (ktoré sa rozhodli aplikovať reportovanie v reálnom čase). | ||
| 610 | 2 | 0 | |a dane z hodnoty pridanej |
| 610 | 2 | 0 | |a Európska únia |
| 610 | 2 | 0 | |a reporting |
| 610 | 2 | 0 | |a správa daňová |
| 610 | 2 | 0 | |a podvody daňové |
| 100 | 1 | |a Šturc, Boris, 1961- | |
| 700 | 1 | |a Kováčová, Jana | |